[Event "GER Server Cup08 final email"]
[Site "GER email"]
[Date "2012.01.31"]
[Round "?"]
[White "Neelmeier, Willi"]
[Black "Schorra, Helmut"]
[Result "0-1"]
[WhiteElo "1558"]
[BlackElo "2047"]
[PlyCount "20"]
[EventDate "2012.02.10"]
[EventType "tourn (corr)"]
[EventRounds "6"]
[EventCountry "GER"]
[SourceTitle "Corr 2015"]
[Source "ChessBase"]
[SourceDate "2015.07.17"]
[SourceVersion "1"]
[SourceVersionDate "2015.07.17"]
[SourceQuality "1"]

1. e4 e6 2. d4 d5 3. e5 c5 4. c3 Nc6 5. Nf3 Bd7 6. Be2 Nge7 7. Na3 cxd4 8. cxd4 Nf5 9. Nc2 Qb6 10. 0-0 Na5 0-1

[Event "GER Server Cup08 final email"]
[Site "GER email"]
[Date "2012.01.31"]
[Round "?"]
[White "Neelmeier, Willi"]
[Black "Stevens, Michael"]
[Result "0-1"]
[WhiteElo "1558"]
[BlackElo "1546"]
[PlyCount "20"]
[EventDate "2012.02.10"]
[EventType "tourn (corr)"]
[EventRounds "6"]
[EventCountry "GER"]
[SourceTitle "Corr 2015"]
[Source "ChessBase"]
[SourceDate "2015.07.17"]
[SourceVersion "1"]
[SourceVersionDate "2015.07.17"]
[SourceQuality "1"]

1. e4 c5 2. Nc3 d6 3. f4 g6 4. Nf3 Bg7 5. Bb5+ Bd7 6. Bc4 Nc6 7. 0-0 e6 8. d3 Nge7 9. Qe1 0-0 10. f5 exf5 0-1